000 00765nam a2200229 a 4500
020 _a0750602384
082 0 0 _a658.300285
_bGAL
100 1 _aGallagher, Michael L.
_944596
245 1 0 _aComputers and human resource management /
_cMichael L. Gallagher.
250 _a2nd ed.
260 _aOxford ;
_aBoston :
_bButterworth Heinemann,
_c1991.
300 _ax, 331 p. ;
_bill. ;
_c24 cm.
490 1 _aPersonnel today
500 _aIncludes index.
500 _aRev. ed. of: Computers and personnel management. 1986.
526 _a0
_b0
_c0
_d658_300285000000000_GAL
526 _a0
_b0
_c0
_d658_300285000000000_GAL
650 0 _aMCE
_9379
650 0 _aPersonnel management
_xData processing.
_944597
700 1 _aGallagher, Michael L.
_944596
942 _2ddc
_cBK
999 _c548343
_d548343